Bundesligateams nach Bundesländern - Statistiken

Allgemein
  • Dieses Quiz wurde 79 mal gespielt
  • Das Durchschnittsergebnis liegt bei 48 aus 58
Antwortstatistiken
Bundesland Saisons % Korrekt
BY 60 FC Bayern München
99%
BAWÜ 58 VfB Stuttgart
99%
BAWÜ 25 SC Freiburg
97%
BY 20 TSV 1860 München
97%
NRW 52 1. FC Köln
96%
BY 33 1. FC Nürnberg
96%
NRW 58 Borussia Dortmund
96%
HE 56 Eintracht Frankfurt
96%
BER 6 1. FC Union Berlin
94%
HH 55 Hamburger SV
94%
BER 40 Hertha BSC
94%
NDS 30 Hannover 96
93%
RLP 44 1. FC Kaiserslautern
91%
NRW 54 FC Schalke 04
91%
HH 9 FC St. Pauli
91%
NDS 28 VfL Wolfsburg
91%
RLP 19 1. FSV Mainz 05
90%
SN 4 Dynamo Dresden
90%
BY 14 FC Augsburg
90%
SH 1 Holstein Kiel
90%
BAWÜ 24 Karlsruher SC
90%
SN 9 RB Leipzig
90%
BY 2 SpVgg Greuther Fürth
90%
BAWÜ 17 TSG 1899 Hoffenheim
90%
SN 1 VFB Leipzig
90%
HB 60 SV Werder Bremen
88%
BAWÜ 2 1. FC Heidenheim
87%
NRW 46 Bayer 04 Leverkusen
87%
NDS 21 Eintracht Braunschweig
87%
MV 12 Hansa Rostock
87%
BAWÜ 7 SV Waldhof Mannheim
87%
NRW 38 VfL Bochum
87%
SL 5 1. FC Saarbrücken
85%
NRW 57 Borussia Mönchengladbach
85%
NRW 25 Fortuna Düsseldorf
85%
NRW 19 Arminia Bielefeld
84%
BER 1 Tasmania Berlin
82%
BB 6 Energie Cottbus
81%
NRW 7 Rot Weiss Essen
81%
HE 5 SV Darmstadt 98
81%
NRW 4 Alemannia Aachen
79%
BY 2 FC Ingolstadt 04
76%
HE 7 Kickers Offenbach
76%
NRW 28 MSV Duisburg
76%
BAWÜ 1 SSV Ulm 1846
76%
NRW 1 Preussen Münster
72%
NRW 2 SC Paderborn 07
72%
BAWÜ 2 Stuttgarter Kickers
72%
BER 2 Tennis Borussia Berlin
71%
BY 2 SpVgg Unterhaching
69%
SL 3 FC 08 Homburg
66%
NRW 3 Wuppertaler SV
66%
NRW 4 Rot Weiss Oberhausen
65%
NRW 14 KFC Uerdingen 05
63%
SL 3 Borussia Neunkirchen
60%
NRW 4 SG Wattenscheid 09
56%
NRW 1 SC Fortuna Köln
43%
BER 1 Blau Weiss 90 Berlin
24%
Keine übereinstimmenden Quizze gefunden
Verteilung der Resultate
Anzahl Personen mit jedem Resultat
Perzentil nach korrekt beantworteten Fragen
Ihre Resultats-Entwicklung
Sie haben dieses Quiz noch nicht gespielt